000 01075nab a22002057i 4500
001 768714001
003 CO-MdFUSB
005 20240426130041.0
008 240426t1997 us ||||| |||| 00| 0 eng d
040 _bspa
_cCO-MdFUSB
_dCO-MdFUSB
041 _aeng
100 _aLueders, Beth J.,
_eautor
245 _aSafe at church
_c/ Beth J. Lueders
300 _aVolumen 18, número 3 (summer, 1997), páginas: 98 - 103
_c; 27 cm
520 _aA salvo en la iglesia, expone estrategias prácticas para proteger a los niños del abuso sexual. Basado en entrevistas con pastores, expertos en prevención de abusos, abogados, funcionarios denominacionales y compañías de seguros, a continuación, se presentan importantes pasos prácticos para minimizar el riesgo de conducta sexual inapropiada y mantener seguros a los niños de su iglesia.
546 _aTexto en inglés.
650 7 _aNiños
_xAbusos sexuales
_96918
773 0 _068780
_982554
_oR2488
_tLeadership :
_w(CO-MdFUSB)768714001
_gVolumen 18, número 3 (summer, 1997), páginas: 98 - 103
_qpágina: 98
942 _cANA
999 _c69412
_d69412